<The> Complete Handbook for the Entrepreneur

Saved in:
Bibliographic Details
Main Author: Brenner, Gary
Other Authors: Ewan, Joel, Custer, Henry
Format: Book
Language:English
Published: Englewood Cliffs Prentice Hall 1990
Edition:1. ed.
Subjects:
Tags: Add Tag
No Tags, Be the first to tag this record!

MARC

LEADER 00000nam a2200000 4500
001 c018950
005 20221206122916.9
020 |a 0-13-155995-8 
041 0 |a eng 
044 |a US 
245 1 0 |a <The> Complete Handbook for the Entrepreneur  |c Gary Brenner, Joel Ewan, Henry Custer 
250 |a 1. ed. 
264 1 |a Englewood Cliffs  |b Prentice Hall  |c 1990 
300 |a 757 s. 
610 2 0 |a podnik 
610 2 0 |a podnikanie 
610 2 0 |a podnikatelia 
610 2 0 |a práca 
610 2 0 |a obchod 
610 2 0 |a kúpa 
610 2 0 |a franchising 
610 2 0 |a politika podnikania 
610 2 0 |a povolania 
610 2 0 |a plánovanie strategické 
610 2 0 |a marketing strategický 
610 2 0 |a systémy účtovné 
610 2 0 |a dane 
610 2 0 |a poistenie podnikov 
610 2 0 |a technika 
610 2 0 |a plánovanie 
610 2 0 |a rozvoj podniku 
100 1 |a Brenner, Gary 
700 1 |a Ewan, Joel 
700 1 |a Custer, Henry